Children in the News/ (Record no. 202583)

MARC details
000 -LEADER
fixed length control field 00565 a2200193 4500
005 - DATE AND TIME OF LATEST TRANSACTION
control field 20240502161515.0
010 ## - LCCN (DPL NO)
LC control number B-758846
020 ## - INTERNATIONAL STANDARD BOOK NUMBER
International Standard Book Number 9971905892
Terms of availability 0.00
035 ## - SYSTEM CONTROL NUMBER
System control number B-758846
037 ## - SOURCE OF ACQUISITION
Source of stock number/acquisition Gift/Unesco
082 ## - DEWEY DECIMAL CLASSIFICATION NUMBER
Classification number 302.2
245 ## - TITLE STATEMENT
Title Children in the News/
Remainder of title Edited by- Anura Goonasekera
260 ## - PUBLICATION, DISTRIBUTION, ETC. (IMPRINT)
Place of publication, distribution, etc South Asia
Name of publisher, distributor, etc UNICEF
Date of publication, distribution, etc 2001
270 ## - ADDRESS
Address South Asia
300 ## - PHYSICAL DESCRIPTION
Extent 492 p.;
Dimensions 24cm. (pb)
Other physical details Index
700 ## - ADDED ENTRY--PERSONAL NAME
Personal name Goonasekera, Anura
9 (RLIN) 65518
942 ## - ADDED ENTRY ELEMENTS (KOHA)
Institution code [OBSOLETE] dpl
Item type English Books
Source of classification or shelving scheme Dewey Decimal Classification
Classification part 302.2
Call number suffix CHI
Holdings
Withdrawn status Lost status Not for loan Collection code Home library Current library Date acquired Source of acquisition Cost, normal purchase price Full call number Barcode Copy number Cost, replacement price Koha item type Public note
      Fiction Central Library Central Jail Tihar 02/05/2024 Gift/29.4.24 0.00 302.2 CHI B-758846 1 0.00 English Books Gift

© Delhi Public Library
Hit Counter
free hit counter